| 000 | 01052cam a2200289 a 4500 | ||
|---|---|---|---|
| 001 | 000007316 | ||
| 003 | DO-SdBNP | ||
| 005 | 20251028142139.0 | ||
| 008 | 820415s1992 ck 000 0 spa | ||
| 020 | _z958612085 | ||
| 020 | _a9586120880 | ||
| 035 | _a(DLC) 50031389 | ||
| 040 |
_aDO-SdBNP _bspa _cBNPHU _dDLC |
||
| 049 | _aBNGR | ||
| 082 |
_a910.09861 _bP438d |
||
| 100 | 1 |
_aPérez Triana, Santiago, _d1858-1916. _920337 |
|
| 245 | 1 | 0 |
_aDe Bogotá al Atlántico / _cSantiago Pérez Triana ; prólogo Mario Perea Restrepo. |
| 260 |
_aBogotá : _bComisión Quinto Centenario-Colombia ; _bInstituto Colombiano de Cultura, _cc1992. |
||
| 300 |
_a264 p. ; _c24 cm. |
||
| 490 | 1 |
_aBiblioteca V Centenario Colcultura _aViajeros por Colombia |
|
| 651 | 4 |
_aColombia _xDescripciónes y viajes _916997 |
|
| 651 | 0 |
_aVenezuela _xDescripciónes y viajes. _926230 |
|
| 700 | 1 |
_aPerea Restrepo, Mario, _epról. _920339 |
|
| 830 | 0 |
_aBiblioteca V Centenario Colcultura, _pViajeros por Colombia _920309 |
|
| 910 | _aCatalogación por copia | ||
| 942 |
_2ddc _cLBS1 |
||
| 999 |
_c7097 _d7097 |
||